[Event "Mittelfrank Regionalliga Nord-West 2223"]
[Site "Mittelfranken"]
[Date "2023.04.23"]
[Round "9.8"]
[White "Leiss, Nicolas"]
[Black "Hofmann, Daniel"]
[Result "1-0"]
[WhiteElo "1672"]
[BlackElo "1477"]
[PlyCount "53"]
[EventDate "2022.10.09"]
[EventType "team-tourn"]
[EventRounds "9"]
[EventCountry "GER"]
[SourceTitle "EXT 2024"]
[Source "ChessBase"]
[SourceDate "2023.10.10"]
[SourceVersion "1"]
[SourceVersionDate "2023.10.10"]
[SourceQuality "1"]
[WhiteTeam "Hoechstadt/Aisch"]
[BlackTeam "Klingenberg"]
[WhiteTeamCountry "GER"]
[BlackTeamCountry "GER"]

1. e4 e5 2. Nf3 Nc6 3. Bb5 Bc5 4. 0-0 Nf6 5. d3 0-0 6. c3 d6 7. h3 h6 8. Re1 a6 9. Ba4 Bd7 10. Nbd2 Re8 11. Nf1 Bb6 12. Ng3 Ne7 13. Bb3 Ng6 14. Qc2 c6 15. d4 Qc7 16. Be3 Rad8 17. Rad1 Kf8 18. Qc1 Ng8 19. Nf5 exd4 20. cxd4 Rxe4 21. Nxh6 Rxe3 22. Nxf7 Rxe1+ 23. Rxe1 Re8 24. N7g5 Nf6 25. Bc2 Rxe1+ 26. Qxe1 Be8 27. Ne6+ 1-0